| Tag |
First Indicator |
Second Indicator |
Subfields |
| LEADER |
00000cam a2200000Ma 4500 |
| 001 |
in00002583607 |
| 005 |
20151201152427.0 |
| 008 |
881109s1852 sp 000 d spa d |
| 035 |
|
|
|a (OCoLC)ocm21860447
|
| 035 |
|
|
|a (OCoLC)21860447
|
| 040 |
|
|
|a CUY
|c CUY
|d OCLCG
|d TXA
|d UtOrBLW
|
| 049 |
|
|
|a TXAM
|
| 090 |
|
|
|a PQ2217.D58
|b S3718 1852
|
| 100 |
1 |
|
|a Decourcelle, Adrien,
|d 1824-1892.
|
| 240 |
1 |
0 |
|a Sarah la créole.
|l Spanish
|
| 245 |
1 |
0 |
|a Sara la criolla :
|b drama en cinco actos, escrito en francés /
|c por los Sres. A. Decourcelle y Jaime, fils ; arreglado á la escena española por Ramon de Valladares y Saavedra y M.G. y Gonzalez, para representarse en Madrid el año de 1852.
|
| 246 |
3 |
|
|a Sarah la criolla
|
| 264 |
|
1 |
|a Madrid :
|b Impr. de Vicente de Lalama,
|c 1852.
|
| 300 |
|
|
|a 23 pages ;
|c 17 cm.
|
| 336 |
|
|
|a text
|b txt
|2 rdacontent
|
| 337 |
|
|
|a unmediated
|b n
|2 rdamedia
|
| 338 |
|
|
|a volume
|b nc
|2 rdacarrier
|
| 490 |
0 |
|
|a Biblioteca dramática
|
| 500 |
|
|
|a Caption title.
|
| 500 |
|
|
|a The Cushing Library/Rare Books copy forms part of the Lee Fontanella Collection.
|
| 700 |
1 |
|
|a Jaime,
|c fils,
|d 1824-1901.
|
| 948 |
|
|
|a cataloged
|b h
|c 2010/7/1
|d c
|e hgolay
|f 9:54:14 am
|
| 994 |
|
|
|a C0
|b TXA
|
| 999 |
|
|
|a MARS
|
| 999 |
f |
f |
|s 742c7982-4281-311a-9341-0f011823143d
|i 7e6d0f2a-9270-38f9-8b0d-4b3017997bfb
|t 0
|
| 952 |
f |
f |
|p noncirc
|a Texas A&M University
|b College Station
|c Cushing Memorial Library & Archives
|d Cushing: Rare Books (Does not check out)
|t 0
|e PQ2217.D58 S3718 1852
|h Library of Congress classification
|i unmediated -- volume
|
| 998 |
f |
f |
|a PQ2217.D58 S3718 1852
|t 0
|l Cushing: Rare Books (Does not check out)
|